[Event "Panchenko Memorial 2017"]
[Site "?"]
[Date "2017.10.09"]
[Round "3.9"]
[White "Sitnikov, Anton"]
[Black "Vaseptsov, Maxim"]
[Result "1/2-1/2"]
[BlackElo "2331"]
[WhiteElo "2457"]
[LiveChessVersion "1.4.8"]

1. d4 {[%clk 1:29:35]} Nf6 {[%clk 1:30:11]} 2. c3 {[%clk 1:29:50]} b6
{[%clk 1:29:45]} 3. Bg5 {[%clk 1:30:13]} Ne4 {[%clk 1:25:56]} 4. Bf4
{[%clk 1:30:35]} Bb7 {[%clk 1:23:43]} 5. e3 {[%clk 1:26:51]} g6 {[%clk 1:23:12]}
6. f3 {[%clk 1:25:05]} Nf6 {[%clk 1:23:10]} 7. Bg5 {[%clk 1:25:01]} Bg7
{[%clk 1:23:08]} 8. Nd2 {[%clk 1:25:08]} d6 {[%clk 1:22:51]} 9. Bc4
{[%clk 1:23:23]} Nbd7 {[%clk 1:21:09]} 10. Qe2 {[%clk 1:22:16]} a6
{[%clk 1:20:59]} 11. f4 {[%clk 1:22:27]} e5 {[%clk 1:19:41]} 12. fxe5
{[%clk 1:22:43]} dxe5 {[%clk 1:20:04]} 13. Ngf3 {[%clk 1:23:08]} h6
{[%clk 1:17:52]} 14. Bh4 {[%clk 1:19:08]} Qe7 {[%clk 1:14:53]} 15. O-O
{[%clk 1:10:24]} O-O {[%clk 1:11:29]} 16. Nxe5 {[%clk 0:06:46]} Nxe5
{[%clk 1:11:46]} 17. dxe5 {[%clk 0:07:14]} Qxe5 {[%clk 1:12:09]} 18. Rf2
{[%clk 0:07:39]} Nd5 {[%clk 1:04:34]} 19. Qf3 {[%clk 0:02:28]} b5
{[%clk 0:55:55]} 20. Bb3 {[%clk 0:02:56]} Kh7 {[%clk 0:55:33]} 21. c4
{[%clk 0:01:44]} Nxe3 {[%clk 0:42:12]} 22. Qxb7 {[%clk 0:02:09]} bxc4
{[%clk 0:42:22]} 23. Nf3 {[%clk 0:00:35]} Qc5 {[%clk 0:41:08]} 24. Rc1
{[%clk 0:00:59]} Rfb8 {[%clk 0:39:40]} 25. Qe4 {[%clk 0:01:13]} f5
{[%clk 0:39:49]} 26. Qe6 {[%clk 0:00:32]} Rb6 {[%clk 0:35:29]} 27. Rxc4
{[%clk 0:00:33]} Nxc4 {[%clk 0:35:23]} 28. Qxc4 {[%clk 0:00:57]} Qxc4
{[%clk 0:35:40]} 29. Bxc4 {[%clk 0:01:25]} g5 {[%clk 0:36:01]} 30. Bd3
{[%clk 0:00:32]} gxh4 {[%clk 0:35:58]} 31. Bxf5+ {[%clk 0:01:00]} Kg8 32. b3 Rd8
{[%clk 0:36:07]} 33. Rc2 {[%clk 0:01:50]} Bd4+ {[%clk 0:34:55]} 34. Kf1
{[%clk 0:02:16]} c5 {[%clk 0:35:16]} 35. Nxh4 {[%clk 0:02:37]} Rf8
{[%clk 0:33:56]} 36. g4 {[%clk 0:02:58]} h5 {[%clk 0:33:49]} 37. h3
{[%clk 0:01:39]} hxg4 {[%clk 0:33:35]} 38. hxg4 {[%clk 0:02:08]} a5
{[%clk 0:33:10]} 39. Nf3 {[%clk 0:00:35]} a4 {[%clk 0:31:54]} 40. bxa4
{[%clk 0:01:01]} Rb4 {[%clk 0:32:16]} 41. a5 {[%clk 0:00:55]} Ra4
{[%clk 0:31:48]} 42. Nxd4 {[%clk 0:00:45]} cxd4 {[%clk 0:32:17]} 43. Rd2
{[%clk 0:00:57]} Kg7 {[%clk 0:31:27]} 44. a6 {[%clk 0:00:58]} Rf6
{[%clk 0:30:53]} 45. Ke2 {[%clk 0:00:48]} Rfxa6 {[%clk 0:30:46]} 46. Kf3
{[%clk 0:00:33]} Kf6 {[%clk 0:30:28]} 47. Ke4 {[%clk 0:00:35]} Rd6
{[%clk 0:29:59]} 48. Kf4 {[%clk 0:00:36]} Rd8 {[%clk 0:28:42]} 49. Ke4
{[%clk 0:00:33]} Kg5 {[%clk 0:28:17]} 50. Ke5 {[%clk 0:00:32]} Ra7
{[%clk 0:26:34]} 51. Ke4 {[%clk 0:00:34]} Re7+ {[%clk 0:24:08]} 52. Kd3
{[%clk 0:00:34]} Kf4 {[%clk 0:23:54]} 53. Rf2+ {[%clk 0:00:41]} Kg3
{[%clk 0:24:23]} 54. Re2 {[%clk 0:00:38]} Ra7 {[%clk 0:24:22]} 55. Be6
{[%clk 0:00:35]} Rc7 {[%clk 0:21:05]} 56. Bc4 {[%clk 0:00:39]} Kf3
{[%clk 0:21:16]} 57. Re5 {[%clk 0:00:33]} Rxc4 {[%clk 0:19:28]} 58. Kxc4
{[%clk 0:01:02]} d3 {[%clk 0:19:52]} 59. Re1 {[%clk 0:01:27]} d2 {[%clk 0:15:41]}
60. Rd1 {[%clk 0:01:50]} Ke2 {[%clk 0:16:06]} 61. Rxd2+ {[%clk 0:02:14]} Kxd2
{[%clk 0:16:18]} 62. a4 {[%clk 0:02:34]} Rc8+ {[%clk 0:08:32]} 63. Kb5
{[%clk 0:02:59]} Kc3 {[%clk 0:08:58]} 64. a5 {[%clk 0:03:25]} Rb8+
{[%clk 0:08:41]} 65. Kc5 {[%clk 0:01:34]} Rc8+ {[%clk 0:04:28]} 66. Kb5
{[%clk 0:01:51]} Kd4 {[%clk 0:01:14]} 67. a6 {[%clk 0:02:15]} Rb8+
{[%clk 0:00:40]} 68. Kc6 {[%clk 0:02:38]} Rg8 {[%clk 0:00:40]} 69. a7
{[%clk 0:02:55]} Ke5 {[%clk 0:00:44]} 70. Kb7 {[%clk 0:03:18]} Kf4
{[%clk 0:01:10]} 1/2-1/2

[Event "Panchenko Memorial 2017"]
[Site "?"]
[Date "2017.10.09"]
[Round "3.10"]
[White "Matsenko, Andrei"]
[Black "Stankovic, Milos"]
[Result "0-1"]
[BlackElo "2399"]
[WhiteElo "2281"]
[LiveChessVersion "1.4.8"]

1. d4 {[%clk 1:30:57]} Nf6 {[%clk 1:30:37]} 2. c4 {[%clk 1:31:23]} g6
{[%clk 1:30:12]} 3. Nc3 {[%clk 1:31:39]} d5 {[%clk 1:30:18]} 4. Bf4
{[%clk 1:31:43]} Bg7 {[%clk 1:29:56]} 5. e3 {[%clk 1:30:40]} O-O {[%clk 1:26:27]}
6. Rc1 {[%clk 1:30:50]} Be6 {[%clk 1:21:09]} 7. cxd5 {[%clk 1:30:16]} Nxd5
{[%clk 1:20:47]} 8. Nxd5 {[%clk 1:30:10]} Qxd5 {[%clk 1:20:44]} 9. b3
{[%clk 1:30:26]} Na6 {[%clk 1:09:14]} 10. Qd2 {[%clk 1:29:01]} c5
{[%clk 1:06:20]} 11. Nf3 {[%clk 1:17:38]} cxd4 {[%clk 1:03:55]} 12. Bc4
{[%clk 1:12:50]} Qe4 {[%clk 0:57:49]} 13. O-O {[%clk 1:03:04]} dxe3
{[%clk 0:55:15]} 14. Qxe3 {[%clk 1:00:28]} Qxe3 {[%clk 0:53:46]} 15. Bxe3
{[%clk 1:00:27]} Nc7 {[%clk 0:47:23]} 16. Rfd1 {[%clk 1:00:04]} Rfd8
{[%clk 0:47:00]} 17. Rxd8+ {[%clk 0:58:55]} Rxd8 {[%clk 0:47:22]} 18. Bxa7
{[%clk 0:58:54]} Ra8 {[%clk 0:45:28]} 19. Bc5 {[%clk 0:58:56]} Bxc4
{[%clk 0:45:29]} 20. bxc4 {[%clk 0:58:28]} Bf6 {[%clk 0:43:52]} 21. a3
{[%clk 0:55:54]} Ra4 {[%clk 0:40:44]} 22. h3 {[%clk 0:48:21]} Na6
{[%clk 0:39:54]} 23. Bd4 {[%clk 0:47:35]} Bxd4 {[%clk 0:39:28]} 24. Nxd4
{[%clk 0:47:49]} Rxa3 {[%clk 0:38:15]} 25. Rb1 {[%clk 0:47:21]} Rd3
{[%clk 0:38:17]} 26. Nc2 {[%clk 0:42:56]} Rd7 {[%clk 0:36:50]} 27. Nb4
{[%clk 0:42:17]} Nc5 {[%clk 0:35:19]} 28. Nd5 {[%clk 0:41:25]} Kg7
{[%clk 0:35:18]} 29. Rb5 {[%clk 0:40:45]} Ne4 {[%clk 0:35:21]} 30. Ne3
{[%clk 0:40:37]} e6 {[%clk 0:34:35]} 31. g4 {[%clk 0:38:07]} Rd2 {[%clk 0:31:31]}
32. Rxb7 {[%clk 0:36:10]} Rxf2 {[%clk 0:30:55]} 33. g5 {[%clk 0:34:21]} Rf3
{[%clk 0:30:21]} 34. Ng4 {[%clk 0:34:39]} Nxg5 {[%clk 0:29:38]} 35. c5
{[%clk 0:34:47]} Rxh3 {[%clk 0:28:30]} 36. Ne5 {[%clk 0:35:11]} Rc3
{[%clk 0:28:48]} 37. c6 {[%clk 0:35:24]} Nf3+ {[%clk 0:28:21]} 0-1